[Event "Norway Chess op-A"]
[Site "Stavanger"]
[Date "2025.05.27"]
[Round "4"]
[White "Li, Guohao"]
[Black "Beisteiner, Joachim"]
[Result "1/2-1/2"]
[WhiteElo "2355"]
[BlackElo "2109"]
[PlyCount "51"]
[EventDate "2025.05.27"]
[EventType "swiss"]
[EventRounds "9"]
[EventCountry "NOR"]
[SourceTitle "CB23_2025"]
[SourceDate "2025.06.04"]
[SourceVersion "1"]
[SourceVersionDate "2025.06.04"]
[SourceQuality "1"]

1. d4 d5 2. Nf3 Nf6 3. c4 c6 4. Nc3 e6 5. cxd5 exd5 6. Bg5 Be7 7. Qc2 g6 8. e3 Bf5 9. Bd3 Bxd3 10. Qxd3 Nh5 11. Bh6 Nd7 12. g4 Nhf6 13. h3 Nb6 14. 0-0-0 Qd7 15. Ne5 Qe6 16. f4 Nfd7 17. Rhf1 0-0-0 18. Bg7 Rhg8 19. f5 Nxe5 20. dxe5 gxf5 21. gxf5 Qd7 22. f6 Bc5 23. Qxh7 Nc4 24. Ne4 Bxe3+ 25. Kb1 Nxe5 26. Ng3 1/2-1/2

[Event "Norway Chess op-A"]
[Site "Stavanger"]
[Date "2025.05.27"]
[Round "8"]
[White "Wiger Nordas, Felix"]
[Black "Beisteiner, Joachim"]
[Result "1/2-1/2"]
[WhiteElo "1924"]
[BlackElo "2109"]
[PlyCount "78"]
[EventDate "2025.05.27"]
[EventType "swiss"]
[EventRounds "9"]
[EventCountry "NOR"]
[SourceTitle "CB23_2025"]
[SourceDate "2025.06.04"]
[SourceVersion "1"]
[SourceVersionDate "2025.06.04"]
[SourceQuality "1"]

1. e4 c6 2. Nf3 d5 3. d3 Qc7 4. exd5 cxd5 5. g3 Nf6 6. Bg2 e6 7. d4 Nc6 8. c3 Bd6 9. 0-0 0-0 10. a4 Bd7 11. Na3 a6 12. Be3 Rfc8 13. Nd2 Na5 14. Bg5 Ne8 15. Nc2 b5 16. axb5 h6 17. Be3 axb5 18. Qe2 Nc4 19. Nxc4 bxc4 20. Rxa8 Rxa8 21. Ra1 Rxa1+ 22. Nxa1 Qa5 23. Qe1 Qa2 24. Qc1 Ba4 25. Nc2 Nf6 26. h3 Bf8 27. Kh2 Bb3 28. Na1 Ba4 29. Nc2 Nd7 30. Bf3 Bxc2 31. Qxc2 Nb6 32. Bd1 Bd6 33. Kg2 Nc8 34. b3 Qxc2 35. Bxc2 Nb6 36. bxc4 Nxc4 37. Bd3 f5 38. g4 fxg4 39. hxg4 Nxe3+ 1/2-1/2

[Event "Bayern-chI Bank Hofmann 27th"]
[Site "Gmund am Tegernsee"]
[Date "2024.10.29"]
[Round "4"]
[White "Beisteiner, Joachim"]
[Black "Schneider, Ilja"]
[Result "1-0"]
[WhiteElo "2129"]
[BlackElo "2449"]
[PlyCount "53"]
[EventDate "2024.10.26"]
[EventType "swiss"]
[EventRounds "9"]
[EventCountry "GER"]
[SourceTitle "CB45_2024"]
[Source "ChessBase"]
[SourceDate "2024.11.06"]
[SourceVersion "1"]
[SourceVersionDate "2024.11.06"]
[SourceQuality "1"]

1. e4 e5 2. Nf3 Nc6 3. Bc4 Bc5 4. c3 Nf6 5. d3 0-0 6. 0-0 d5 7. exd5 Nxd5 8. a4 a6 9. Nbd2 Kh8 10. Ne4 Ba7 11. a5 f5 12. Neg5 h6 13. Qb3 hxg5 14. Bxd5 g4 15. Bxc6 bxc6 16. Nxe5 Qf6 17. Re1 Rb8 18. Qc4 f4 19. Qxc6 g3 20. Ng6+ Kg8 21. Qd5+ Qf7 22. Qxf7+ Rxf7 23. d4 Kh7 24. Ne5 gxf2+ 25. Kxf2 Rf6 26. b4 Rb5 27. Bd2 1-0

[Event "Munich op-A 2nd"]
[Site "Munich"]
[Date "2024.05.27"]
[Round "2"]
[White "Beisteiner, Joachim"]
[Black "Hinterreiter, Markus"]
[Result "0-1"]
[WhiteElo "2097"]
[BlackElo "2271"]
[PlyCount "58"]
[EventDate "2024.05.26"]
[EventType "swiss"]
[EventRounds "9"]
[EventCountry "GER"]
[SourceTitle "CBM 220 Extra"]
[Source "ChessBase"]
[SourceDate "2024.07.31"]
[SourceVersion "1"]
[SourceVersionDate "2024.07.31"]
[SourceQuality "1"]

1. e4 c5 2. Nf3 Nc6 3. Bb5 Nf6 4. Nc3 Nd4 5. e5 Nxb5 6. Nxb5 Nd5 7. Ng5 f6 8. Nf3 g6 9. 0-0 fxe5 10. Nxe5 d6 11. Qe2 Bg7 12. Qc4 e6 13. Nf3 0-0 14. d4 a6 15. Nc3 b5 16. Qe2 cxd4 17. Nxd5 exd5 18. Qd3 Qb6 19. Qb3 Qc5 20. Ne1 Bf5 21. a4 Qc4 22. Qg3 bxa4 23. Qxd6 Rae8 24. Qa3 Bd7 25. Nd3 Qxc2 26. Bg5 Bb5 27. Rad1 Rf5 28. Bh4 Bf8 29. Nb4 Qc4 0-1

[Event "Bayern-chI Bank Hofmann 26th"]
[Site "Tegernsee"]
[Date "2023.11.05"]
[Round "9"]
[White "Weitzer, Steffen"]
[Black "Beisteiner, Joachim"]
[Result "1-0"]
[WhiteElo "2256"]
[BlackElo "2115"]
[PlyCount "49"]
[EventDate "2023.10.28"]
[EventType "swiss"]
[EventRounds "9"]
[EventCountry "GER"]
[SourceTitle "CBM 217 Extra"]
[Source "ChessBase"]
[SourceDate "2024.01.31"]
[SourceVersion "1"]
[SourceVersionDate "2024.01.31"]
[SourceQuality "1"]

1. e4 e5 2. Nf3 Nf6 3. d4 Nxe4 4. Bd3 d5 5. Nxe5 Nd7 6. 0-0 Bd6 7. Bxe4 dxe4 8. Nc4 0-0 9. Nxd6 cxd6 10. Nc3 f5 11. f3 exf3 12. Qxf3 Qb6 13. Qd5+ Kh8 14. Nb5 Rf6 15. Bf4 Ne5 16. Rae1 Bd7 17. Nxd6 Rxd6 18. Qxe5 Rg6 19. Qc5 Bc6 20. Rf2 Qxb2 21. d5 b6 22. Qc4 Be8 23. Be5 Qb5 24. Rxf5 h6 25. Rf8+ 1-0

[Event "Bayern-chI Bank Hofmann 26th"]
[Site "Tegernsee"]
[Date "2023.11.01"]
[Round "5"]
[White "Beisteiner, Joachim"]
[Black "Mazatis, Benjamin"]
[Result "1/2-1/2"]
[WhiteElo "2115"]
[BlackElo "1666"]
[PlyCount "109"]
[EventDate "2023.10.28"]
[EventType "swiss"]
[EventRounds "9"]
[EventCountry "GER"]
[SourceTitle "CBM 217 Extra"]
[Source "ChessBase"]
[SourceDate "2024.01.31"]
[SourceVersion "1"]
[SourceVersionDate "2024.01.31"]
[SourceQuality "1"]

1. e4 e5 2. Nf3 Nc6 3. Bc4 Nf6 4. d3 Bc5 5. c3 d6 6. 0-0 a5 7. Re1 Ba7 8. Na3 h6 9. Bb3 0-0 10. h3 Re8 11. Nb5 Bb6 12. Be3 Bxe3 13. Rxe3 Ne7 14. d4 Ng6 15. dxe5 Nxe5 16. Nbd4 g6 17. Qc2 Kg7 18. Rd1 Qe7 19. Nxe5 dxe5 20. Nb5 Qc5 21. a4 Be6 22. Bxe6 Rxe6 23. Qe2 Re7 24. Rd2 Rd7 25. Rxd7 Nxd7 26. Rd3 Nf6 27. Rd2 Re8 28. g3 Re7 29. Kg2 Rd7 30. Rxd7 Nxd7 31. Qd3 Qc6 32. f3 Nb6 33. b3 Qe6 34. c4 Qe7 35. Qc3 c6 36. Qxa5 cxb5 37. Qxb6 bxa4 38. bxa4 Qa3 39. Qxb7 Qa2+ 40. Kg1 Qxa4 41. Qb2 Qa5 42. Qf2 Kf8 43. c5 Qa1+ 44. Kg2 Qc3 45. h4 Ke7 46. g4 g5 47. Kg3 Qc1 48. Kh2 Qf4+ 49. Kh3 Qc1 50. Kg2 Qc3 51. h5 Qc1 52. c6 Qxc6 53. Qa7+ Kf6 54. Qb8 Qe6 55. Qb2 1/2-1/2

[Event "Bayern-chI Bank Hofmann 26th"]
[Site "Tegernsee"]
[Date "2023.10.29"]
[Round "2"]
[White "Dobrocmyslov, Artem"]
[Black "Beisteiner, Joachim"]
[Result "1/2-1/2"]
[WhiteElo "2316"]
[BlackElo "2115"]
[PlyCount "92"]
[EventDate "2023.10.28"]
[EventType "swiss"]
[EventRounds "9"]
[EventCountry "GER"]
[SourceTitle "CBM 217 Extra"]
[Source "ChessBase"]
[SourceDate "2024.01.31"]
[SourceVersion "1"]
[SourceVersionDate "2024.01.31"]
[SourceQuality "1"]

1. d4 d5 2. c4 e6 3. Nc3 Be7 4. cxd5 exd5 5. Bf4 c6 6. e3 Bf5 7. g4 Be6 8. Bd3 Nd7 9. h3 h5 10. gxh5 Ndf6 11. Qf3 Nxh5 12. Nge2 Bd6 13. Bxd6 Qxd6 14. 0-0-0 Ngf6 15. Kb1 0-0-0 16. Rc1 Kb8 17. Qg2 g6 18. f3 Bc8 19. Qf2 Rhe8 20. Ka1 Ka8 21. Bb1 Qc7 22. e4 Nf4 23. e5 Nxe2 24. Nxe2 Nh5 25. f4 Ng7 26. Ng3 Rh8 27. f5 gxf5 28. Nxf5 Nxf5 29. Bxf5 Bxf5 30. Qxf5 Rh4 31. Qf2 Rdh8 32. Rcg1 a6 33. Rg8+ Rxg8 34. Qxh4 c5 35. Qf2 cxd4 36. Qxd4 Re8 37. Re1 Qd7 38. Re3 Qe6 39. a3 f6 40. Rd3 fxe5 41. Qxd5 e4 42. Qxe6 Rxe6 43. Re3 Kb8 44. h4 Kc7 45. h5 Rh6 46. Rxe4 Rxh5 1/2-1/2

[Event "Bodensee op"]
[Site "Bregenz"]
[Date "2023.05.21"]
[Round "9"]
[White "Beisteiner, Joachim"]
[Black "Bub, Volker"]
[Result "1-0"]
[WhiteElo "2117"]
[BlackElo "2079"]
[PlyCount "71"]
[EventDate "2023.05.13"]
[EventType "swiss"]
[EventRounds "9"]
[EventCountry "AUT"]
[SourceTitle "CBM 215 Extra"]
[Source "ChessBase"]
[SourceDate "2023.09.30"]
[SourceVersion "1"]
[SourceVersionDate "2023.09.30"]
[SourceQuality "1"]

1. e4 d5 2. exd5 Nf6 3. Bb5+ Bd7 4. Be2 Nxd5 5. d4 Bf5 6. Nf3 e6 7. 0-0 Nd7 8. a3 Be7 9. c4 N5f6 10. Nc3 0-0 11. Bf4 h6 12. Qb3 Qc8 13. Rad1 c6 14. Rfe1 a6 15. h3 b5 16. c5 Rd8 17. Bf1 Nf8 18. g4 Bh7 19. Bg2 Ra7 20. Bg3 Nd5 21. Ne4 a5 22. Ne5 Ng6 23. Nxg6 Bxg6 24. Nd6 Bxd6 25. cxd6 a4 26. Qf3 Bc2 27. Rc1 Bb3 28. Rc5 Qd7 29. h4 Rc8 30. g5 hxg5 31. hxg5 Qd8 32. Qh5 Nb6 33. Re4 g6 34. Qh3 Bd1 35. f3 f6 36. Rh4 1-0

[Event "Bodensee op"]
[Site "Bregenz"]
[Date "2023.05.18"]
[Round "6"]
[White "Beisteiner, Joachim"]
[Black "Vrhovac, Damir"]
[Result "0-1"]
[WhiteElo "2117"]
[BlackElo "1803"]
[PlyCount "82"]
[EventDate "2023.05.13"]
[EventType "swiss"]
[EventRounds "9"]
[EventCountry "AUT"]
[SourceTitle "CBM 215 Extra"]
[Source "ChessBase"]
[SourceDate "2023.09.30"]
[SourceVersion "1"]
[SourceVersionDate "2023.09.30"]
[SourceQuality "1"]

1. e4 e6 2. d4 d5 3. e5 c5 4. c3 Nc6 5. Nf3 Bd7 6. Be2 Nge7 7. 0-0 Nf5 8. dxc5 Bxc5 9. Bd3 Nh4 10. Nbd2 Ng6 11. Nb3 Bb6 12. Re1 Bc7 13. Bxg6 hxg6 14. Nbd4 Nxd4 15. Qxd4 Bb6 16. Qd3 Rh5 17. Be3 Bc7 18. Bd4 Kf8 19. a4 a5 20. Qe3 b5 21. axb5 Bxb5 22. b3 Rb8 23. Rab1 Kg8 24. h4 Rxh4 25. Nxh4 Qxh4 26. Bc5 f6 27. Bd6 Bb6 28. Bc5 Bc7 29. g3 Qh3 30. Bd6 Bb6 31. Qf3 Rd8 32. Qf4 g5 33. Qf3 Bc6 34. Qg2 Qf5 35. b4 Ba8 36. Bc5 Bxc5 37. bxc5 d4 38. g4 Qxb1 39. Rxb1 Bxg2 40. Kxg2 dxc3 41. exf6 Rc8 0-1

[Event "Bad Woerishofen op 38th"]
[Site "Bad Woerishofen"]
[Date "2023.03.11"]
[Round "9"]
[White "Beisteiner, Joachim"]
[Black "Panesar, Vedant"]
[Result "1/2-1/2"]
[WhiteElo "2055"]
[BlackElo "2348"]
[PlyCount "36"]
[EventDate "2023.03.03"]
[EventType "swiss"]
[EventRounds "9"]
[EventCountry "GER"]
[SourceTitle "CBM 213 Extra"]
[Source "ChessBase"]
[SourceDate "2023.05.31"]
[SourceVersion "1"]
[SourceVersionDate "2023.05.31"]
[SourceQuality "1"]

1. e4 c5 2. c3 Nf6 3. e5 Nd5 4. d4 cxd4 5. cxd4 d6 6. Nf3 Nc6 7. Bc4 dxe5 8. dxe5 Be6 9. Ng5 Nc3 10. Qxd8+ Rxd8 11. Nxc3 Bxc4 12. b3 Nb4 13. bxc4 Nc2+ 14. Ke2 Nxa1 15. e6 fxe6 16. Nb5 Nc2 17. Nc7+ Kd7 18. Ngxe6 Nd4+ 1/2-1/2

[Event "Bayern-chI Bank Hofmann 25th"]
[Site "Tegernsee"]
[Date "2022.11.10"]
[Round "6"]
[White "Jubin, Jimmy"]
[Black "Beisteiner, Joachim"]
[Result "1-0"]
[WhiteElo "2307"]
[BlackElo "1872"]
[PlyCount "71"]
[EventDate "2022.11.05"]
[EventType "swiss"]
[EventRounds "9"]
[EventCountry "GER"]
[SourceTitle "CBM 211 Extra"]
[Source "ChessBase"]
[SourceDate "2023.01.31"]
[SourceVersion "1"]
[SourceVersionDate "2023.01.31"]
[SourceQuality "1"]

1. d4 d5 2. c4 c6 3. Nf3 Nf6 4. Nc3 dxc4 5. a4 Bf5 6. Ne5 Nbd7 7. Nxc4 Nb6 8. Ne3 e6 9. g3 a5 10. Bg2 Bb4 11. 0-0 Bg6 12. Nc2 0-0 13. e3 Bd6 14. e4 e5 15. Bg5 h6 16. Bh4 Re8 17. Qd3 exd4 18. Nxd4 Be5 19. Rfd1 Qc7 20. f4 Bxd4+ 21. Qxd4 Rad8 22. Qf2 Rxd1+ 23. Rxd1 Nfd7 24. g4 f6 25. Bg3 Bf7 26. Qd4 Nf8 27. f5 c5 28. Qf2 Qc8 29. e5 fxe5 30. Bh4 e4 31. Nxe4 Nc4 32. b3 Ne5 33. Nd6 Qd7 34. Qc2 Kh8 35. Nxe8 Qxe8 36. Rd8 1-0